000 00717nam a2200217 i 4500
001 55429
003 ES-MaACL
005 20250809042451.0
007 t|
008 030919s1966 sp ||||1| spa d
080 _a342.7
245 0 4 _aLos derechos humanos /
_ccondesa de Campo Alange ... [et al.].
260 _a[Madrid] :
_bCiencia Nueva,
_c[1966]
300 _a61 p. ;
_c17 cm.
490 1 _aCuadernos del Club de Amigos de la Unesco ;
_v2
650 7 _aDerechos humanos
_2embne
_911770
700 1 _aCampo Alange, MarĂ­a Laffitte,
_cCondesa de,
_d1902-1986
_934205
830 1 _aCuadernos del Club de Amigos de la Unesco ;
_v2
_9230340
852 4 _aES-MaACL
_jC-30668
999 _c55429
_d55429